000 00578nam a22001937a 4500
005 20170214172041.0
010 _aENG-117252
020 _c175.00
_a9789351437369
035 _aEN-100784
037 _bDBAD/PUB
082 _a340.02354
100 _aArora,Manish
245 _aCareer in law /
_cby Manish Arora
250 _a7th ed
260 _aGurgaon
_bLexis Nexis
_c2016
270 _a14th Floor Building N0-10,Tower-B,DLF Cyber City Phase-II
_bGurgaon (Haryana)
_e122002
300 _axvi,228p. :
_c22cm(pbk)
_bill
942 _2ddc
_cEN
_h340.02354
_mARO
999 _c137597
_d137597